| 000 | 00378nam a22001457a 4500 | ||
|---|---|---|---|
| 005 | 20240822142329.0 | ||
| 008 | 240822b |||||||| |||| 00| 0 eng d | ||
| 020 | _a978-1-4390-5569-4 | ||
| 100 | _aBURTON L. DEVERE | ||
| 245 | _aAGRISCIENCE: FUNDAMENTALS AND PRACTICE | ||
| 250 | _a5TH | ||
| 260 |
_aNEW YORK _bDELMAR _c2010 |
||
| 500 | _aINCLUDES AN INDEX | ||
| 942 |
_2lcc _cBK |
||
| 999 |
_c211579 _d211579 |
||